[Event "Oberliga Ost A 2017 2018"]
[Site "Germany"]
[Date "2017.11.12"]
[Round "3.2"]
[White "Heinrich, Julius Tobias"]
[Black "Ader, Gunter"]
[Result "1/2-1/2"]
[WhiteElo "2129"]
[BlackElo "2036"]
[PlyCount "40"]
[EventDate "2017.10.22"]
[EventType "team-tourn"]
[EventCountry "GER"]
[WhiteTeam "Naumburger SV"]
[BlackTeam "Dresden USV TU II"]
[WhiteTeamCountry "GER"]
[BlackTeamCountry "GER"]

1. e4 d6 2. d4 Nf6 3. Nc3 g6 4. f4 Bg7 5. Nf3 c5 6. dxc5 Qa5 7. Qd3 Qxc5 8. Be3
Qa5 9. Nd2 Nc6 10. Nc4 Qd8 11. Be2 O-O 12. h3 d5 13. Nxd5 Nxd5 14. Qxd5 Qxd5
15. exd5 Nb4 16. O-O-O Nxa2+ 17. Kb1 Nb4 18. Bc5 Nxd5 19. Rxd5 Be6 20. Re5 Bxc4
1/2-1/2

[Event "Oberliga Ost A 2017 2018"]
[Site "Germany"]
[Date "2017.11.12"]
[Round "3.3"]
[White "Verhulst, Nicolaas"]
[Black "Gering, Samuel"]
[Result "1-0"]
[WhiteElo "2070"]
[BlackElo "2087"]
[PlyCount "63"]
[EventDate "2017.10.22"]
[EventType "team-tourn"]
[EventCountry "GER"]
[WhiteTeam "Dresden USV TU II"]
[BlackTeam "Naumburger SV"]
[WhiteTeamCountry "GER"]
[BlackTeamCountry "GER"]

1. e4 g6 2. Nc3 Bg7 3. h4 h6 4. d4 d6 5. Be3 a6 6. Qd2 Nd7 7. O-O-O b5 8. a3
Bb7 9. f4 h5 10. Nf3 c5 11. Ng5 b4 12. Bc4 e6 13. axb4 cxb4 14. Nb1 Qa5 15. f5
d5 16. fxe6 fxe6 17. Bb3 Nf8 18. exd5 Bxd5 19. Bxd5 exd5 20. Rde1 Kd7 21. Nf7
Rh7 22. Ng5 Rh8 23. Rhf1 Nh6 24. Nf7 Nf5 25. Nxh8 Bxh8 26. Qd3 Ne6 27. Rxf5
gxf5 28. Qxf5 Re8 29. Bg5 Qb5 30. Qf7+ Kd6 31. Rxe6+ Rxe6 32. Bf4+ 1-0

[Event "Oberliga Ost A 2017 2018"]
[Site "Germany"]
[Date "2017.11.12"]
[Round "3.4"]
[White "Haertig, Jens"]
[Black "Ledfuss, Guntram"]
[Result "1/2-1/2"]
[WhiteElo "2140"]
[BlackElo "2043"]
[PlyCount "49"]
[EventDate "2017.10.22"]
[EventType "team-tourn"]
[EventCountry "GER"]
[WhiteTeam "Naumburger SV"]
[BlackTeam "Dresden USV TU II"]
[WhiteTeamCountry "GER"]
[BlackTeamCountry "GER"]

1. c4 Nf6 2. Nc3 g6 3. d4 Bg7 4. e4 d6 5. f3 O-O 6. Be3 Nc6 7. Nge2 a6 8. Qd2
Rb8 9. Nc1 e5 10. d5 Nd4 11. Nb3 c5 12. dxc6 Nxb3 13. c7 Qxc7 14. axb3 Be6 15.
Be2 Nd7 16. O-O Nc5 17. Ra3 Rbd8 18. b4 Nd7 19. b3 Nb8 20. b5 f5 21. Rd1 Rfe8
22. Raa1 Qf7 23. Rac1 Bf8 24. Bb6 Rc8 25. Be3 1/2-1/2

[Event "Oberliga Ost A 2017 2018"]
[Site "Germany"]
[Date "2017.11.12"]
[Round "3.5"]
[White "Schmalhofer, Adam"]
[Black "Wendling, Florian"]
[Result "1-0"]
[WhiteElo "2058"]
[BlackElo "1998"]
[PlyCount "51"]
[EventDate "2017.10.22"]
[EventType "team-tourn"]
[EventCountry "GER"]
[WhiteTeam "Dresden USV TU II"]
[BlackTeam "Naumburger SV"]
[WhiteTeamCountry "GER"]
[BlackTeamCountry "GER"]

1. d4 d5 2. c4 c6 3. cxd5 cxd5 4. Nc3 Nf6 5. f3 Nc6 6. e4 e6 7. e5 Nd7 8. f4
Nb6 9. Nf3 Be7 10. Bd3 a6 11. O-O Bd7 12. Kh1 Rc8 13. Qe1 Nb4 14. Bb1 Na4 15.
f5 b5 16. f6 gxf6 17. exf6 Bd6 18. Ng5 Qc7 19. Nxf7 Kxf7 20. Qh4 h5 21. Bg6+
Kf8 22. Qg5 Nxc3 23. bxc3 Nc6 24. Bf7 Kxf7 25. Qg7+ Ke8 26. f7+ 1-0

[Event "Oberliga Ost A 2017 2018"]
[Site "Germany"]
[Date "2017.11.12"]
[Round "3.6"]
[White "Muekke, Jens Frieder"]
[Black "Richter, Claudius"]
[Result "1/2-1/2"]
[WhiteElo "1993"]
[BlackElo "2047"]
[PlyCount "80"]
[EventDate "2017.10.22"]
[EventType "team-tourn"]
[EventCountry "GER"]
[WhiteTeam "Naumburger SV"]
[BlackTeam "Dresden USV TU II"]
[WhiteTeamCountry "GER"]
[BlackTeamCountry "GER"]

1. e4 c5 2. Nc3 b6 3. g3 Bb7 4. Bg2 e6 5. Nf3 Nc6 6. O-O Nge7 7. d3 g6 8. Bf4
Bg7 9. Qd2 O-O 10. Bh6 d5 11. Bxg7 Kxg7 12. e5 Nf5 13. Rfe1 Ncd4 14. Nxd4 Nxd4
15. Ne2 Nf5 16. c3 Ba6 17. Nf4 Rc8 18. h4 Qe7 19. Bh3 Nh6 20. d4 Rc7 21. Rac1
Rfc8 22. b3 cxd4 23. cxd4 Ng8 24. Rxc7 Rxc7 25. Rc1 Kh8 26. Rc2 Qd7 27. Qc1
Rxc2 28. Qxc2 Ne7 29. h5 Kg7 30. Qd2 Ng8 31. Qc2 Ne7 32. Qd2 Ng8 33. Qc1 Nh6
34. hxg6 hxg6 35. Qc2 Nf5 36. Bxf5 exf5 37. g4 fxg4 38. e6 Qd6 39. Qd2 fxe6 40.
Qe3 Kf6 1/2-1/2

[Event "Oberliga Ost A 2017 2018"]
[Site "Germany"]
[Date "2017.11.12"]
[Round "3.7"]
[White "Lutz, Ruben"]
[Black "Will, Matthias"]
[Result "1/2-1/2"]
[WhiteElo "2007"]
[BlackElo "2025"]
[PlyCount "49"]
[EventDate "2017.10.22"]
[EventType "team-tourn"]
[EventCountry "GER"]
[WhiteTeam "Dresden USV TU II"]
[BlackTeam "Naumburger SV"]
[WhiteTeamCountry "GER"]
[BlackTeamCountry "GER"]

1. d4 f5 2. Nc3 Nf6 3. Bg5 d5 4. Bxf6 exf6 5. e3 Be6 6. Bd3 Nc6 7. a3 Qd7 8.
Nge2 g6 9. Nf4 Bf7 10. h4 h5 11. Qf3 O-O-O 12. O-O-O Kb8 13. Bb5 a6 14. Ba4 b5
15. Bb3 Ne7 16. Qe2 c6 17. Nd3 Nc8 18. Qd2 Nd6 19. Nc5 Qa7 20. Ne2 Ne4 21. Nxe4
fxe4 22. c3 Bd6 23. Rdf1 f5 24. g3 Rd7 25. Kb1 1/2-1/2

[Event "Oberliga Ost A 2017 2018"]
[Site "Germany"]
[Date "2017.11.12"]
[Round "3.8"]
[White "Mikolajewski, Armin"]
[Black "Richter, Philipp"]
[Result "0-1"]
[WhiteElo "2047"]
[BlackElo "1795"]
[PlyCount "96"]
[EventDate "2017.10.22"]
[EventType "team-tourn"]
[EventCountry "GER"]
[WhiteTeam "Naumburger SV"]
[BlackTeam "Dresden USV TU II"]
[WhiteTeamCountry "GER"]
[BlackTeamCountry "GER"]

1. d4 Nf6 2. Nf3 c5 3. d5 e6 4. c4 b5 5. dxe6 fxe6 6. e3 bxc4 7. Bxc4 d5 8.
Bb5+ Nbd7 9. Ng5 Qb6 10. Qa4 Bb7 11. O-O h6 12. Nf3 Bd6 13. Bd2 a6 14. Bxd7+
Nxd7 15. Bc3 Qc7 16. Ba5 Qc8 17. Qg4 Kf7 18. Qh5+ Kg8 19. Bc3 Qe8 20. Qxe8+
Rxe8 21. Nbd2 e5 22. Ba5 Kh7 23. Rfd1 Rhf8 24. Nc4 Bb8 25. Nb6 Nf6 26. Rac1 e4
27. Nd2 Ng4 28. h3 Nxf2 29. Rf1 Nd3 30. Rxf8 Rxf8 31. Rb1 Bg3 32. Nf1 Bh4 33.
Bc3 Bc6 34. a4 Rb8 35. a5 Bd8 36. Ng3 Bg5 37. Nf1 Bd8 38. Ng3 Bxb6 39. axb6
Rxb6 40. Nf5 Bd7 41. Ne7 Be6 42. g4 Rd6 43. Kg2 d4 44. Bd2 Rb6 45. Kg3 Rxb2 46.
Rxb2 Nxb2 47. Kf4 Nc4 48. exd4 cxd4 0-1

[Event "Oberliga Ost A 2017 2018"]
[Site "Germany"]
[Date "2017.11.12"]
[Round "3.1"]
[White "Richter, Leonard"]
[Black "Lechtynsky, Jiri"]
[Result "1/2-1/2"]
[WhiteElo "2268"]
[BlackElo "2367"]
[PlyCount "106"]
[EventDate "2017.10.22"]
[EventType "team-tourn"]
[EventCountry "GER"]
[WhiteTeam "Leipzig SG II"]
[BlackTeam "Hoyerswerda FVS ASP"]
[WhiteTeamCountry "GER"]
[BlackTeamCountry "GER"]

1. e4 e6 2. d4 d5 3. Nc3 Nf6 4. Bg5 dxe4 5. Nxe4 Be7 6. Bxf6 Bxf6 7. Nf3 O-O 8.
c3 Nd7 9. Bd3 e5 10. O-O exd4 11. cxd4 g6 12. Bc4 Nb6 13. Bb3 Bg4 14. h3 Bxf3
15. Qxf3 Bg7 16. Rad1 c6 17. Rd2 Qe7 18. Rfd1 Rad8 19. Nc3 Rd7 20. d5 Bxc3 21.
bxc3 Nxd5 22. Bxd5 cxd5 23. Rxd5 Rxd5 24. Qxd5 Rc8 25. Qd4 b6 26. Qd7 Rc7 27.
Qxe7 Rxe7 28. Kf1 Kg7 29. Rd3 Kf6 30. Rf3+ Kg7 31. Rd3 Re5 32. Rd7 Ra5 33. Rd2
Rc5 34. Rd3 Kf6 35. Ke2 Ke6 36. Re3+ Re5 37. Rxe5+ Kxe5 38. Ke3 Kd5 39. Kd3 b5
40. f4 a6 41. g3 f6 42. Ke3 Kc4 43. Kd2 h5 44. h4 Kd5 45. Kd3 a5 46. Ke3 f5 47.
Kd3 Kc5 48. Kd2 Kc4 49. Kc2 b4 50. cxb4 Kxb4 51. Kb2 a4 52. a3+ Kc4 53. Kc2 Kd4
1/2-1/2

[Event "Oberliga Ost A 2017 2018"]
[Site "Germany"]
[Date "2017.11.12"]
[Round "3.2"]
[White "Spivak, Ilya"]
[Black "Schunk, Thomas"]
[Result "1-0"]
[WhiteElo "2329"]
[BlackElo "2152"]
[PlyCount "55"]
[EventDate "2017.10.22"]
[EventType "team-tourn"]
[EventCountry "GER"]
[WhiteTeam "Hoyerswerda FVS ASP"]
[BlackTeam "Leipzig SG II"]
[WhiteTeamCountry "GER"]
[BlackTeamCountry "GER"]

1. e4 e5 2. Nf3 d6 3. d4 exd4 4. Nxd4 Nf6 5. Nc3 Be7 6. Qf3 Nc6 7. Bb5 Bd7 8.
Bxc6 bxc6 9. e5 dxe5 10. Nxc6 Bxc6 11. Qxc6+ Kf8 12. O-O h6 13. Rd1 Qe8 14.
Qxc7 Bd8 15. Qc4 Bb6 16. Na4 Bd8 17. Be3 Kg8 18. b3 Kh7 19. Qa6 Ng4 20. Qb7
Nxe3 21. Qxa8 Nxd1 22. Rxd1 a5 23. Nc5 Qe7 24. Qe4+ g6 25. Rd7 Qf6 26. Qd5 Be7
27. Ne4 Qf4 28. g3 1-0

[Event "Oberliga Ost A 2017 2018"]
[Site "Germany"]
[Date "2017.11.12"]
[Round "3.3"]
[White "Heistermann, Till"]
[Black "Orsag, Milan"]
[Result "1/2-1/2"]
[WhiteElo "2155"]
[BlackElo "2342"]
[PlyCount "78"]
[EventDate "2017.10.22"]
[EventType "team-tourn"]
[EventCountry "GER"]
[WhiteTeam "Leipzig SG II"]
[BlackTeam "Hoyerswerda FVS ASP"]
[WhiteTeamCountry "GER"]
[BlackTeamCountry "GER"]

1. c4 e6 2. Nf3 Nf6 3. g3 d5 4. Bg2 Be7 5. O-O O-O 6. b3 c5 7. cxd5 exd5 8. d4
Nc6 9. Bb2 Ne4 10. dxc5 Bxc5 11. Nd4 Re8 12. e3 Bb6 13. Na3 Qe7 14. Nac2 Bd7
15. Nxc6 bxc6 16. b4 Rab8 17. Bd4 c5 18. bxc5 Bxc5 19. Bxe4 Qxe4 20. Bxc5 Rbc8
21. f3 Qa4 22. Nd4 Rxc5 23. Qxa4 Bxa4 24. Kf2 Rc3 25. Rfe1 Rd3 26. Re2 Bd7 27.
Rb1 Kf8 28. Rb7 Bc8 29. Rc7 a6 30. Ra7 Rc3 31. Ra8 Re7 32. Nf5 Rec7 33. h4 g6
34. Nd6 R3c6 35. Nxc8 Rxc8 36. Ra7 R8c7 37. Ra8+ Ke7 38. g4 h6 39. Kg3 Rc8
1/2-1/2

[Event "Oberliga Ost A 2017 2018"]
[Site "Germany"]
[Date "2017.11.12"]
[Round "3.4"]
[White "Hovsepyan, Vardan"]
[Black "Pietzsch, Manuel"]
[Result "1-0"]
[WhiteElo "2218"]
[BlackElo "2109"]
[PlyCount "161"]
[EventDate "2017.10.22"]
[EventType "team-tourn"]
[EventCountry "GER"]
[WhiteTeam "Hoyerswerda FVS ASP"]
[BlackTeam "Leipzig SG II"]
[WhiteTeamCountry "GER"]
[BlackTeamCountry "GER"]

1. e4 c5 2. Nc3 Nc6 3. Nge2 g6 4. d4 cxd4 5. Nxd4 Bg7 6. Be3 d6 7. Bc4 Nf6 8.
f3 O-O 9. Qd2 Bd7 10. O-O-O Rb8 11. g4 Nxd4 12. Bxd4 b5 13. Bf1 Qa5 14. g5 Nh5
15. Kb1 Rfc8 16. Bxg7 Nxg7 17. h4 Be6 18. Bh3 b4 19. Nd5 Bxd5 20. exd5 Rc7 21.
h5 Nxh5 22. Bg4 Rb6 23. Bxh5 Ra6 24. a3 bxa3 25. Qxa5 Rxa5 26. Bg4 a2+ 27. Ka1
Rxc2 28. Rc1 Rxc1+ 29. Rxc1 Rxd5 30. Rc8+ Kg7 31. Re8 Rxg5 32. Rxe7 Kf8 33. Re2
f5 34. Bh3 Rg3 35. Bg2 g5 36. Kxa2 h5 37. Kb3 g4 38. Rf2 h4 39. Kc4 h3 40. Bf1
gxf3 41. Kd3 Ke7 42. Ke3 Kf6 43. Kf4 Rg2 44. Kxf3 Rxf2+ 45. Kxf2 h2 46. Kg2
h1=R 47. Kxh1 Ke5 48. Kg2 a5 49. Kf2 Kd4 50. Ke1 Kc5 51. Kd2 Kb4 52. Bg2 Kb3
53. Kc1 a4 54. Bd5+ Kb4 55. Kb1 Kc5 56. Bf3 d5 57. Ka2 d4 58. Ka3 d3 59. Kxa4
Kd4 60. Kb3 Ke3 61. Bh5 Kd4 62. Bd1 f4 63. Bh5 Kc5 64. Kc3 d2 65. Kxd2 Kb4 66.
Bf7 Kc5 67. Kd3 f3 68. Ke3 f2 69. Kxf2 Kd4 70. b4 Ke5 71. Ke3 Kd6 72. Kd4 Kc6
73. Be8+ Kb6 74. Kd5 Kb7 75. Kc5 Kc7 76. Bc6 Kc8 77. b5 Kc7 78. b6+ Kb8 79. Kb5
Kc8 80. Ka6 Kb8 81. Bf3 1-0

[Event "Oberliga Ost A 2017 2018"]
[Site "Germany"]
[Date "2017.11.12"]
[Round "3.5"]
[White "Liedtke, Matthias"]
[Black "Kesik, Klaus Dieter"]
[Result "1/2-1/2"]
[WhiteElo "2265"]
[BlackElo "2222"]
[PlyCount "45"]
[EventDate "2017.10.22"]
[EventType "team-tourn"]
[EventCountry "GER"]
[WhiteTeam "Leipzig SG II"]
[BlackTeam "Hoyerswerda FVS ASP"]
[WhiteTeamCountry "GER"]
[BlackTeamCountry "GER"]

1. e4 c6 2. d4 d5 3. exd5 cxd5 4. c4 Nf6 5. Nc3 e6 6. Nf3 Bb4 7. cxd5 exd5 8.
Ne5 O-O 9. Bd3 Nc6 10. Nxc6 bxc6 11. O-O Qd6 12. Ne2 Bd7 13. Bf4 Qe7 14. Ng3
Ne4 15. Qc2 f5 16. f3 Nxg3 17. hxg3 Rae8 18. Be5 c5 19. f4 c4 20. Be2 Rc8 21.
Bf3 Be6 22. Qa4 Qb7 23. Rfd1 1/2-1/2

[Event "Oberliga Ost A 2017 2018"]
[Site "Germany"]
[Date "2017.11.12"]
[Round "3.6"]
[White "Jahnel, Guenther"]
[Black "Roemling, Sven"]
[Result "1-0"]
[WhiteElo "2222"]
[BlackElo "2154"]
[PlyCount "71"]
[EventDate "2017.10.22"]
[EventType "team-tourn"]
[EventCountry "GER"]
[WhiteTeam "Hoyerswerda FVS ASP"]
[BlackTeam "Leipzig SG II"]
[WhiteTeamCountry "GER"]
[BlackTeamCountry "GER"]

1. d4 Nf6 2. c4 g6 3. Nc3 Bg7 4. Nf3 O-O 5. Bg5 d6 6. e3 h6 7. Bh4 c6 8. Qc2
Na6 9. Be2 Bf5 10. Qd2 c5 11. O-O Re8 12. Bd3 Bg4 13. d5 Nc7 14. e4 g5 15. Bg3
Bxf3 16. gxf3 e5 17. Nd1 Nh5 18. Ne3 Bf8 19. Rfc1 Qf6 20. Bf1 Nxg3 21. fxg3
Qxf3 22. Bg2 Qh5 23. Rf1 b5 24. b3 Rab8 25. Rf6 bxc4 26. bxc4 Rb6 27. g4 Qh4
28. Raf1 Re7 29. R6f3 Ne8 30. Rh3 Qxh3 31. Bxh3 Reb7 32. Rf2 Rb1+ 33. Bf1 R7b4
34. Kg2 a5 35. Bd3 Ra1 36. Qc3 1-0

[Event "Oberliga Ost A 2017 2018"]
[Site "Germany"]
[Date "2017.11.12"]
[Round "3.7"]
[White "Limpert, Michael"]
[Black "Boehm, Robert"]
[Result "1/2-1/2"]
[WhiteElo "2185"]
[BlackElo "2148"]
[PlyCount "21"]
[EventDate "2017.10.22"]
[EventType "team-tourn"]
[EventCountry "GER"]
[WhiteTeam "Leipzig SG II"]
[BlackTeam "Hoyerswerda FVS ASP"]
[WhiteTeamCountry "GER"]
[BlackTeamCountry "GER"]

1. e4 c5 2. Nf3 Nc6 3. Bb5 Nf6 4. Bxc6 dxc6 5. d3 Bg4 6. h3 Bxf3 7. Qxf3 g6 8.
b3 Bg7 9. Bb2 O-O 10. O-O Ne8 11. Bxg7 1/2-1/2

[Event "Oberliga Ost A 2017 2018"]
[Site "Germany"]
[Date "2017.11.12"]
[Round "3.8"]
[White "Graf, Roland"]
[Black "Haidary, Hameedullah"]
[Result "1/2-1/2"]
[WhiteElo "2103"]
[BlackElo "2269"]
[PlyCount "67"]
[EventDate "2017.10.22"]
[EventType "team-tourn"]
[EventCountry "GER"]
[WhiteTeam "Hoyerswerda FVS ASP"]
[BlackTeam "Leipzig SG II"]
[WhiteTeamCountry "GER"]
[BlackTeamCountry "GER"]

1. e4 e6 2. d4 d5 3. Nc3 Nf6 4. e5 Nfd7 5. f4 c5 6. Nf3 Nc6 7. Be3 Qb6 8. Na4
Qa5+ 9. c3 cxd4 10. b4 Qc7 11. Nxd4 a6 12. Be2 b5 13. Nb2 Ncxe5 14. fxe5 Qxc3+
15. Qd2 Bxb4 16. Nc6 Qxb2 17. Qxb4 Qxb4+ 18. Nxb4 Nxe5 19. a4 bxa4 20. Rxa4 a5
21. Bb6 Bd7 22. Rxa5 Rxa5 23. Bxa5 O-O 24. Bc7 f6 25. Kd2 Ng6 26. Ra1 h6 27.
Ra7 Rf7 28. Bd6 Kh7 29. Ra8 e5 30. g3 Be6 31. Bb5 Bd7 32. Ba6 Be6 33. Bb5 Bd7
34. Ba6 1/2-1/2

[Event "Oberliga Ost A 2017 2018"]
[Site "Germany"]
[Date "2017.11.12"]
[Round "3.1"]
[White "Reizniece Ozola, Dana"]
[Black "Mastrovasilis, Dimitrios"]
[Result "0-1"]
[WhiteElo "2283"]
[BlackElo "2596"]
[PlyCount "80"]
[EventDate "2017.10.22"]
[EventType "team-tourn"]
[EventCountry "GER"]
[WhiteTeam "Loeberitz SG"]
[BlackTeam "Plauen SK Koenig"]
[WhiteTeamCountry "GER"]
[BlackTeamCountry "GER"]

1. c4 e6 2. Nf3 d5 3. e3 Nf6 4. Nc3 c6 5. Qc2 Bd6 6. d4 Nbd7 7. g4 h6 8. Rg1 e5
9. h4 e4 10. Nd2 g5 11. Rh1 Rg8 12. hxg5 hxg5 13. cxd5 cxd5 14. Nxd5 Nxd5 15.
Qxe4+ Ne7 16. Rh6 Nb6 17. Bb5+ Kf8 18. Qf3 Ng6 19. Ne4 Bb4+ 20. Kf1 Qd5 21. Be2
Be7 22. Bd2 Nh4 23. Qh1 Kg7 24. Rh5 f5 25. gxf5 Bxf5 26. f3 Nc4 27. Bc1 Bxe4
28. fxe4 Raf8+ 29. Ke1 Qa5+ 30. Kd1 Nxb2+ 31. Bxb2 Qa4+ 32. Kd2 Bb4+ 33. Kd3
Qb5+ 34. Kc2 Qxe2+ 35. Kb3 Qd3+ 36. Kxb4 a5+ 37. Kxa5 Ra8+ 38. Kb4 Ra4+ 39.
Kxa4 Qc4+ 40. Ka3 Ra8# 0-1

[Event "Oberliga Ost A 2017 2018"]
[Site "Germany"]
[Date "2017.11.12"]
[Round "3.2"]
[White "Zawadzka, Jolanta"]
[Black "Niegsch, Nicolas"]
[Result "1-0"]
[WhiteElo "2420"]
[BlackElo "2232"]
[PlyCount "87"]
[EventDate "2017.10.22"]
[EventType "team-tourn"]
[EventCountry "GER"]
[WhiteTeam "Plauen SK Koenig"]
[BlackTeam "Loeberitz SG"]
[WhiteTeamCountry "GER"]
[BlackTeamCountry "GER"]

1. e4 d6 2. d4 Nf6 3. Nc3 g6 4. Nf3 Bg7 5. Be3 c6 6. Qd2 b5 7. a3 Nbd7 8. Be2
Bb7 9. e5 dxe5 10. dxe5 Ng4 11. e6 fxe6 12. Ng5 Nxe3 13. Nxe6 Bh6 14. fxe3 Qb6
15. Qd4 Qxd4 16. exd4 Kf7 17. Bg4 Nf6 18. O-O Be3+ 19. Kh1 Bc8 20. Rae1 Bxe6
21. Bxe6+ Kxe6 22. Rxe3+ Kd7 23. h3 Rae8 24. Ref3 Kc7 25. g4 Nd7 26. Rf7 h5 27.
g5 Rhf8 28. Kg2 Kd6 29. Rg7 Rg8 30. Rff7 Rxg7 31. Rxg7 Nf8 32. Kf3 a5 33. h4
Ke6 34. Ne2 Kd5 35. Nf4+ Kxd4 36. Rg8 e5 37. Nxg6 Nxg6 38. Rxe8 Nxh4+ 39. Kf2
e4 40. Re6 Nf5 41. g6 h4 42. Rf6 e3+ 43. Ke1 Ng7 44. Rf7 1-0

[Event "Oberliga Ost A 2017 2018"]
[Site "Germany"]
[Date "2017.11.12"]
[Round "3.3"]
[White "Stein, Robert"]
[Black "Kuraszkiewicz, Michael"]
[Result "0-1"]
[WhiteElo "2253"]
[BlackElo "2303"]
[PlyCount "144"]
[EventDate "2017.10.22"]
[EventType "team-tourn"]
[EventCountry "GER"]
[WhiteTeam "Loeberitz SG"]
[BlackTeam "Plauen SK Koenig"]
[WhiteTeamCountry "GER"]
[BlackTeamCountry "GER"]

1. d4 Nf6 2. c4 e6 3. Nf3 d5 4. g3 Bb4+ 5. Bd2 Bd6 6. Bg2 c6 7. O-O O-O 8. Qc2
Ne4 9. Bf4 Bxf4 10. gxf4 Nd7 11. e3 f5 12. Nbd2 Rf6 13. b4 Rh6 14. b5 cxb5 15.
cxb5 Ndf6 16. a4 Bd7 17. Rac1 a6 18. bxa6 bxa6 19. Nxe4 dxe4 20. Ne5 Be8 21.
Qb3 Nd5 22. Rc5 Rb8 23. Qa2 Nb4 24. Qa3 a5 25. Rfc1 Bh5 26. Qb3 g5 27. fxg5
Qxg5 28. Rc8+ Rxc8 29. Rxc8+ Kg7 30. Qc4 Nd5 31. Qc5 Rf6 32. Kh1 f4 33. Qa7+
Bf7 34. Qc5 Bg6 35. Nxg6 Qxg6 36. Qc2 fxe3 37. fxe3 Nxe3 38. Rc7+ Kh6 39. Qd2
Qxg2+ 40. Qxg2 Nxg2 41. Kxg2 Kg5 42. Rxh7 e3 43. Rb7 Kf4 44. Rb5 Ke4 45. Rxa5
Kxd4 46. Rb5 e2 47. Rb1 Ke3 48. Rb3+ Kd2 49. Rb2+ Kd1 50. Rb1+ Kc2 51. Ra1 e5
52. a5 e4 53. Ra2+ Kd3 54. Ra3+ Kd4 55. Ra4+ Kd5 56. Ra1 e3 57. a6 Rxa6 58. Re1
Ke4 59. Rxe2 Rg6+ 60. Kf1 Kf3 61. Re1 Rg8 62. h4 Rg4 63. h5 Rh4 64. Kg1 Rxh5
65. Rf1+ Ke2 66. Rf8 Rg5+ 67. Kh2 Ke1 68. Rf7 e2 69. Rf8 Rd5 70. Ra8 Kd2 71.
Ra2+ Ke3 72. Ra1 Kf2 0-1

[Event "Oberliga Ost A 2017 2018"]
[Site "Germany"]
[Date "2017.11.12"]
[Round "3.4"]
[White "Schaller, Sven"]
[Black "Pallas, Sebastian"]
[Result "1/2-1/2"]
[WhiteElo "2270"]
[BlackElo "2230"]
[PlyCount "108"]
[EventDate "2017.10.22"]
[EventType "team-tourn"]
[EventCountry "GER"]
[WhiteTeam "Plauen SK Koenig"]
[BlackTeam "Loeberitz SG"]
[WhiteTeamCountry "GER"]
[BlackTeamCountry "GER"]

1. Nf3 Nf6 2. g3 g6 3. Bg2 Bg7 4. c4 O-O 5. O-O d5 6. cxd5 Nxd5 7. Nc3 Nb6 8.
d3 Nc6 9. Bg5 h6 10. Be3 e5 11. Nd2 Nd4 12. Rc1 c6 13. Nde4 Qe7 14. f4 f5 15.
fxe5 Qxe5 16. Bf4 Qe6 17. Nf2 Qe7 18. Re1 Ne6 19. Bd2 Bd7 20. Qb3 Kh8 21. e3
Rae8 22. Qc2 Qf7 23. b4 Nc7 24. a4 Nbd5 25. Nxd5 Nxd5 26. Qc5 b6 27. Qc4 Be6
28. Qc2 Qe7 29. Qb1 Qd7 30. b5 c5 31. Re2 Qf7 32. Nd1 g5 33. Nc3 f4 34. Bxd5
Bxd5 35. Nxd5 Qxd5 36. Rf1 Bd4 37. Qe1 f3 38. Ref2 g4 39. Bc3 Bxc3 40. Qxc3+
Qe5 41. Qc4 h5 42. Re1 Rg8 43. Rc2 h4 44. Qc3 Qxc3 45. Rxc3 hxg3 46. hxg3 Re5
47. e4 Rh5 48. e5 Rf8 49. Rc2 Rh3 50. Rh2 Rxh2 51. Kxh2 Kg7 52. e6 Kf6 53. Re4
Ke7 54. Kg1 Rg8 1/2-1/2

[Event "Oberliga Ost A 2017 2018"]
[Site "Germany"]
[Date "2017.11.12"]
[Round "3.5"]
[White "Proehl, Holger"]
[Black "Sandner, Gunter"]
[Result "1/2-1/2"]
[WhiteElo "2364"]
[BlackElo "2255"]
[PlyCount "28"]
[EventDate "2017.10.22"]
[EventType "team-tourn"]
[EventCountry "GER"]
[WhiteTeam "Loeberitz SG"]
[BlackTeam "Plauen SK Koenig"]
[WhiteTeamCountry "GER"]
[BlackTeamCountry "GER"]

1. e4 c5 2. c3 Nf6 3. e5 Nd5 4. d4 cxd4 5. Nf3 Nc6 6. Be2 d6 7. exd6 Qxd6 8.
Nxd4 Nxd4 9. Qxd4 Bd7 10. O-O e5 11. Qd3 O-O-O 12. Na3 Qg6 13. Rd1 Qxd3 14.
Rxd3 Bf5 1/2-1/2

[Event "Oberliga Ost A 2017 2018"]
[Site "Germany"]
[Date "2017.11.12"]
[Round "3.6"]
[White "Kunze, Carlo"]
[Black "Schuetze, Norman"]
[Result "1/2-1/2"]
[WhiteElo "2235"]
[BlackElo "2282"]
[PlyCount "117"]
[EventDate "2017.10.22"]
[EventType "team-tourn"]
[EventCountry "GER"]
[WhiteTeam "Plauen SK Koenig"]
[BlackTeam "Loeberitz SG"]
[WhiteTeamCountry "GER"]
[BlackTeamCountry "GER"]

1. d4 Nf6 2. c4 e6 3. Nc3 Bb4 4. e3 d5 5. Bd3 O-O 6. cxd5 exd5 7. Nge2 Re8 8.
O-O b6 9. a3 Bf8 10. b4 c6 11. Re1 a5 12. Rb1 axb4 13. axb4 Nbd7 14. b5 c5 15.
Nf4 Bb7 16. Bc2 Bd6 17. dxc5 Nxc5 18. Nce2 Nce4 19. f3 Bxf4 20. exf4 Nd6 21.
Bb2 Nc4 22. Bd4 Qd6 23. Qd3 g6 24. Bb3 Na5 25. f5 Nd7 26. Qd2 Nc4 27. Qh6 Qf8
28. Qf4 Nc5 29. fxg6 hxg6 30. Qh4 f6 31. Bxc4 g5 32. Qh5 dxc4 33. Ng3 Ne6 34.
Nf5 Nxd4 35. Qg6+ Kh8 36. Qh5+ Kg8 37. Qg6+ Kh8 38. Nxd4 Bd5 39. Qh5+ Kg8 40.
Qg6+ Kh8 41. h4 Bg8 42. Rxe8 Rxe8 43. hxg5 Bh7 44. Qh5 fxg5 45. Rc1 Qg8 46. Qh6
Qd5 47. Qxb6 Kg8 48. Kh1 Bd3 49. Qc6 Qe5 50. b6 Re7 51. Qc8+ Re8 52. b7 Kf7 53.
Nc6 Qh8+ 54. Qh3 Qb2 55. Qd7+ Kf6 56. Qd6+ Kf7 57. Qd7+ Kf6 58. Qd6+ Kf7 59.
Qd7+ 1/2-1/2

[Event "Oberliga Ost A 2017 2018"]
[Site "Germany"]
[Date "2017.11.12"]
[Round "3.7"]
[White "Schuster, Martin"]
[Black "Pfretzschner, Roland"]
[Result "0-1"]
[WhiteElo "2205"]
[BlackElo "2211"]
[PlyCount "76"]
[EventDate "2017.10.22"]
[EventType "team-tourn"]
[EventCountry "GER"]
[WhiteTeam "Loeberitz SG"]
[BlackTeam "Plauen SK Koenig"]
[WhiteTeamCountry "GER"]
[BlackTeamCountry "GER"]

1. e4 c5 2. Nf3 Nc6 3. d4 cxd4 4. Nxd4 e6 5. Nc3 a6 6. a3 Qc7 7. g3 d6 8. Bg2
Bd7 9. O-O Be7 10. Nxc6 Bxc6 11. Bf4 Nf6 12. Re1 Nd7 13. Nd5 Bxd5 14. exd5 e5
15. Be3 O-O 16. f4 exf4 17. Bxf4 Bf6 18. c3 Qb6+ 19. Kh1 Be5 20. Qc2 Bxf4 21.
gxf4 Rfe8 22. Qd2 Nf6 23. Bf3 Qb5 24. Rad1 Rxe1+ 25. Rxe1 Re8 26. Rxe8+ Qxe8
27. c4 Qc8 28. Qd4 Qh3 29. Qf2 h5 30. b4 Qf5 31. Qg3 Qb1+ 32. Kg2 Qc2+ 33. Kh3
Qxc4 34. f5 Nxd5 35. Qxd6 Qf1+ 36. Kg3 h4+ 37. Kg4 Nf6+ 38. Kf4 Qc1+ 0-1

[Event "Oberliga Ost A 2017 2018"]
[Site "Germany"]
[Date "2017.11.12"]
[Round "3.8"]
[White "Zaehringer, Daniel"]
[Black "Schindler, Christian"]
[Result "1/2-1/2"]
[WhiteElo "2015"]
[BlackElo "2219"]
[PlyCount "62"]
[EventDate "2017.10.22"]
[EventType "team-tourn"]
[EventCountry "GER"]
[WhiteTeam "Plauen SK Koenig"]
[BlackTeam "Loeberitz SG"]
[WhiteTeamCountry "GER"]
[BlackTeamCountry "GER"]

1. d4 c5 2. d5 Nf6 3. Nc3 d6 4. e4 g6 5. Nf3 Bg4 6. Be2 Bxf3 7. Bxf3 Nbd7 8.
O-O Bg7 9. Be3 O-O 10. Be2 Qc7 11. a4 b6 12. Qd2 a6 13. f4 Rfb8 14. g4 Qb7 15.
Qe1 b5 16. g5 Ne8 17. axb5 axb5 18. Rxa8 Rxa8 19. Qh4 b4 20. Nd1 Ra1 21. b3 Nc7
22. Nf2 Rxf1+ 23. Bxf1 Nb5 24. Qg4 Nd4 25. Bd3 Nb6 26. h4 Qa7 27. Qd1 Qa2 28.
Kg2 Nd7 29. Qg4 Nb6 30. Qd1 Nd7 31. Qg4 Nb6 1/2-1/2